000 00640nam a2200229Ia 4500
003 OSt
005 20220918222457.0
006 a|||||r|||| 00| 0
007 ta
008 220917b |||||||| |||| 00| 0 eng d
024 _a217,011
037 _cTextual
040 _aARTS
_cARTS
_beng
041 _2eng
_aeng
082 _aR37xN26z7, P2
100 _aPutnam Hilary
_911033
245 0 _aThe collapse of the fact/value dichotomy
_b and other essays
260 _aCambridge
_bHarvard Univ. Press
_c2002
300 _aix, 190p
_ccm.
942 _hR37xN26z7, P2
_cTEXL
_2CC
999 _c275635
_d275635